000 00673nam a2200193 i 4500
003 IT-RoINE
005 20191004085402.0
008 191004s1989 it |||||r|||| 00| | ita d
110 2 _aMissionari della regalità di Cristo (Milán, Italia)
_963088
245 1 0 _aCostituzioni /
_cIstituto secolare dei sacerdoti Missionari della Regalità di Cristo.
260 _a[Milano? :
_bs.n.,
_c1989]
300 _a82 p. ;
_c16 cm.
336 _2rdacontent
_atext
337 _2rdamedia
_aunmediated
338 _2rdacarrier
_avolume
610 2 4 _aMissionari della regalità di Cristo (Milán, Italia)
_xReglas
_963089
650 4 _963081
_aInstitutos seculares
_xReglas
942 _cMTS
999 _c32170
_d32170